[Event "XLIV Memoriał Szachowy Ludwika Zamenhofa 2025, Grupa B"]
[Site "Bialystok, Poland"]
[Date "2025.12.31"]
[Round "9.29"]
[White "Pidluznij, Matvej"]
[Black "Saliuk, Maryia"]
[Result "0-1"]
[TimeControl "90'+30\""]
[WhiteElo "1868"]
[BlackElo "1742"]

1. e4 {[%clk 01:25:04]} {[%emt 00:05:55]} e5 {[%clk 01:30:34]} {[%emt
00:00:27]} 2. Nf3 {[%clk 01:25:28]} {[%emt 00:00:05]} Qe7 {[%clk 01:31:01]}
{[%emt 00:00:03]} 3. Nc3 {[%clk 01:12:27]} {[%emt 00:13:32]} c6 {[%clk
01:31:24]} {[%emt 00:00:07]} 4. Bc4 {[%clk 01:03:43]} {[%emt 00:09:13]} d6
{[%clk 01:31:09]} {[%emt 00:00:45]} 5. d3 {[%clk 01:01:34]} {[%emt 00:02:40]}
h6 {[%clk 01:31:33]} {[%emt 00:00:06]} 6. h3 {[%clk 00:59:05]} {[%emt
00:02:59]} Nf6 {[%clk 01:31:56]} {[%emt 00:00:07]} 7. Be3 {[%clk 00:54:14]}
{[%emt 00:05:21]} Qc7 {[%clk 01:32:00]} {[%emt 00:00:26]} 8. Qd2 {[%clk
00:51:44]} {[%emt 00:03:00]} Nbd7 {[%clk 01:32:00]} {[%emt 00:00:30]} 9. a4
{[%clk 00:48:17]} {[%emt 00:03:57]} Be7 {[%clk 01:31:28]} {[%emt 00:01:01]} 10.
O-O-O {[%clk 00:43:37]} {[%emt 00:05:10]} a6 {[%clk 01:28:44]} {[%emt
00:03:15]} 11. g4 {[%clk 00:41:09]} {[%emt 00:02:57]} b5 {[%clk 01:21:48]}
{[%emt 00:07:27]} 12. Bb3 {[%clk 00:41:17]} {[%emt 00:00:21]} Nf8 {[%clk
01:13:54]} {[%emt 00:08:24]} 13. g5 {[%clk 00:39:34]} {[%emt 00:02:13]} hxg5
{[%clk 01:14:14]} {[%emt 00:00:10]} 14. Nxg5 {[%clk 00:39:48]} {[%emt
00:00:17]} Be6 {[%clk 01:14:34]} {[%emt 00:00:09]} 15. Nxe6 {[%clk 00:37:10]}
{[%emt 00:03:08]} Nxe6 {[%clk 01:14:58]} {[%emt 00:00:06]} 16. Rdg1 {[%clk
00:34:34]} {[%emt 00:03:07]} Bf8 {[%clk 01:11:51]} {[%emt 00:03:37]} 17. d4
{[%clk 00:19:53]} {[%emt 00:15:11]} b4 {[%clk 00:55:12]} {[%emt 00:17:09]} 18.
Ne2 {[%clk 00:19:52]} {[%emt 00:00:30]} Nxe4 {[%clk 00:54:22]} {[%emt
00:01:21]} 19. Qxb4 {[%clk 00:19:58]} {[%emt 00:00:23]} d5 {[%clk 00:51:53]}
{[%emt 00:02:59]} 20. Qe1 {[%clk 00:20:18]} {[%emt 00:00:09]} g6 {[%clk
00:49:57]} {[%emt 00:02:27]} 21. f3 {[%clk 00:12:14]} {[%emt 00:08:34]} Nf6
{[%clk 00:49:44]} {[%emt 00:00:44]} 22. dxe5 {[%clk 00:09:44]} {[%emt
00:03:00]} Qxe5 {[%clk 00:49:14]} {[%emt 00:01:00]} 23. Qc3 {[%clk 00:05:41]}
{[%emt 00:04:32]} Qxc3 {[%clk 00:49:23]} {[%emt 00:00:22]} 24. Nxc3 {[%clk
00:04:43]} {[%emt 00:01:28]} O-O-O {[%clk 00:35:25]} {[%emt 00:14:28]} 25. Rd1
{[%clk 00:03:13]} {[%emt 00:01:59]} Re8 {[%clk 00:34:39]} {[%emt 00:01:16]} 26.
Rd3 {[%clk 00:01:02]} {[%emt 00:02:41]} Nh5 {[%clk 00:33:40]} {[%emt 00:01:29]}
27. Ne2 {[%clk 00:01:00]} {[%emt 00:00:32]} Bg7 {[%clk 00:32:50]} {[%emt
00:01:20]} 28. Rhd1 {[%clk 00:00:41]} {[%emt 00:00:50]} Nc5 {[%clk 00:17:57]}
{[%emt 00:15:23]} 29. Bxc5 {[%clk 00:00:41]} {[%emt 00:00:30]} Rxe2 {[%clk
00:18:23]} {[%emt 00:00:04]} 30. Bd6 {[%clk 00:00:32]} {[%emt 00:00:38]} Rd8
{[%clk 00:16:40]} {[%emt 00:02:13]} 31. Bc5 {[%clk 00:00:51]} {[%emt 00:00:12]}
Nf4 {[%clk 00:16:59]} {[%emt 00:00:10]} 32. R3d2 {[%clk 00:01:18]} {[%emt
00:00:02]} Rxd2 {[%clk 00:16:49]} {[%emt 00:00:42]} 33. Rxd2 {[%clk 00:00:40]}
{[%emt 00:01:08]} Nxh3 {[%clk 00:17:13]} {[%emt 00:00:05]} 34. Rh2 {[%clk
00:00:49]} {[%emt 00:00:20]} Ng5 {[%clk 00:17:38]} {[%emt 00:00:07]} 35. Be7
{[%clk 00:01:11]} {[%emt 00:00:08]} Nxf3 {[%clk 00:17:58]} {[%emt 00:00:09]} 36.
Rf2 {[%clk 00:00:42]} {[%emt 00:00:59]} Re8 {[%clk 00:17:57]} {[%emt 00:00:32]}
37. Bb4 {[%clk 00:01:08]} {[%emt 00:00:03]} Re3 {[%clk 00:12:35]} {[%emt
00:05:52]} 38. Kb1 {[%clk 00:01:09]} {[%emt 00:00:30]} Bd4 {[%clk 00:12:30]}
{[%emt 00:00:35]} 39. Rf1 {[%clk 00:00:49]} {[%emt 00:00:49]} Bb6 {[%clk
00:12:01]} {[%emt 00:00:59]} 40. Ka2 {[%clk 00:00:33]} {[%emt 00:00:47]} a5
{[%clk 00:11:29]} {[%emt 00:01:01]} 41. Bd6 {[%clk 00:00:32]} {[%emt 00:00:32]}
g5 {[%clk 00:10:47]} {[%emt 00:01:12]} 42. Rh1 {[%clk 00:00:31]} {[%emt
00:00:30]} Kd7 {[%clk 00:11:07]} {[%emt 00:00:10]} 43. Bb8 {[%clk 00:00:38]}
{[%emt 00:00:24]} Re8 {[%clk 00:09:40]} {[%emt 00:01:56]} 44. Bg3 {[%clk
00:00:57]} {[%emt 00:00:11]} f5 {[%clk 00:09:38]} {[%emt 00:00:33]} 45. Rf1
{[%clk 00:00:52]} {[%emt 00:00:34]} Nd4 {[%clk 00:02:09]} {[%emt 00:08:00]} 46.
Bf2 {[%clk 00:00:37]} {[%emt 00:00:45]} f4 {[%clk 00:02:23]} {[%emt 00:00:15]}
47. c3 {[%clk 00:00:34]} {[%emt 00:00:33]} Nxb3 {[%clk 00:02:47]} {[%emt
00:00:06]} 48. Bxb6 {[%clk 00:00:45]} {[%emt 00:00:20]} Nd2 {[%clk 00:03:13]}
{[%emt 00:00:04]} 49. Rd1 {[%clk 00:00:35]} {[%emt 00:00:38]} Nc4 {[%clk
00:03:33]} {[%emt 00:00:10]} 50. Bd4 {[%clk 00:00:42]} {[%emt 00:00:23]} Re2
{[%clk 00:03:56]} {[%emt 00:00:08]} 51. Rg1 {[%clk 00:00:47]} {[%emt 00:00:25]}
Rxb2+ {[%clk 00:01:53]} {[%emt 00:02:33]} 52. Ka1 {[%clk 00:01:16]} Re2 {[%clk
00:01:33]} {[%emt 00:00:50]} 53. Rxg5 {[%clk 00:01:33]} {[%emt 00:00:13]} Nd2
{[%clk 00:01:51]} {[%emt 00:00:13]} 54. Rg7+ {[%clk 00:00:48]} {[%emt
00:01:14]} Ke6 {[%clk 00:02:11]} {[%emt 00:00:10]} 55. Rg6+ {[%clk 00:00:51]}
{[%emt 00:00:27]} Kf5 {[%clk 00:02:06]} {[%emt 00:00:34]} 56. Rf6+ {[%clk
00:00:36]} {[%emt 00:00:46]} Ke4 {[%clk 00:02:30]} {[%emt 00:00:06]} 57. Bb6
{[%clk 00:00:33]} {[%emt 00:00:33]} Nc4 {[%clk 00:02:27]} {[%emt 00:00:33]} 58.
Bd4 {[%clk 00:00:32]} {[%emt 00:00:31]} f3 {[%clk 00:02:08]} {[%emt 00:00:48]}
59. Kb1 {[%clk 00:00:41]} {[%emt 00:00:22]} Nd2+ {[%clk 00:01:57]} {[%emt
00:00:41]} 60. Kc2 {[%clk 00:00:33]} {[%emt 00:00:38]} Nf1+ {[%clk 00:01:27]}
{[%emt 00:01:00]} 61. Kd1 {[%clk 00:00:52]} {[%emt 00:00:12]} Ne3+ {[%clk
00:01:44]} {[%emt 00:00:12]} 62. Kc1 {[%clk 00:00:31]} {[%emt 00:00:51]} f2
{[%clk 00:02:08]} {[%emt 00:00:06]} 63. Re6+ {[%clk 00:00:45]} {[%emt
00:00:16]} Kd3 {[%clk 00:02:31]} {[%emt 00:00:07]} 0-1

[Event "XLIV Memoriał Szachowy Ludwika Zamenhofa 2025, Grupa B"]
[Site "Bialystok, Poland"]
[Date "2025.12.31"]
[Round "9.30"]
[White "Konopka, Tymon"]
[Black "Krynicki, Filip"]
[Result "1/2-1/2"]
[TimeControl "90'+30\""]
[WhiteElo "1608"]
[BlackElo "1827"]

1. e4 {[%clk 01:28:25]} {[%emt 00:02:35]} c5 {[%clk 01:30:36]} {[%emt
00:00:25]} 2. Nf3 {[%clk 01:28:46]} {[%emt 00:00:09]} a6 {[%clk 01:31:01]}
{[%emt 00:00:05]} 3. c4 {[%clk 01:27:55]} {[%emt 00:01:21]} Nc6 {[%clk
01:31:18]} {[%emt 00:00:13]} 4. d4 {[%clk 01:27:54]} {[%emt 00:00:31]} cxd4
{[%clk 01:31:33]} {[%emt 00:00:15]} 5. Nxd4 {[%clk 01:28:18]} {[%emt 00:00:05]}
Nf6 {[%clk 01:31:19]} {[%emt 00:00:44]} 6. Nc3 {[%clk 01:23:27]} {[%emt
00:05:22]} d6 {[%clk 01:31:20]} {[%emt 00:00:28]} 7. f3 {[%clk 01:10:07]}
{[%emt 00:13:51]} e6 {[%clk 01:31:02]} {[%emt 00:00:47]} 8. Be3 {[%clk
01:10:17]} {[%emt 00:00:21]} Be7 {[%clk 01:31:19]} {[%emt 00:00:12]} 9. Qd2
{[%clk 01:09:58]} {[%emt 00:00:48]} Qc7 {[%clk 01:29:28]} {[%emt 00:02:22]} 10.
Rc1 {[%clk 01:09:14]} {[%emt 00:01:14]} Bd7 {[%clk 01:28:28]} {[%emt 00:01:31]}
11. Be2 {[%clk 01:05:00]} {[%emt 00:04:43]} O-O {[%clk 01:27:56]} {[%emt
00:01:03]} 12. O-O {[%clk 01:04:00]} {[%emt 00:01:29]} Ne5 {[%clk 01:26:46]}
{[%emt 00:01:40]} 13. b3 {[%clk 01:02:40]} {[%emt 00:01:50]} Rfd8 {[%clk
01:26:03]} {[%emt 00:01:12]} 14. Rfd1 {[%clk 00:56:16]} {[%emt 00:06:55]} Rac8
{[%clk 01:25:47]} {[%emt 00:00:46]} 15. Bf1 {[%clk 00:50:44]} {[%emt 00:06:02]}
Qb8 {[%clk 01:21:20]} {[%emt 00:04:56]} 16. Nde2 {[%clk 00:48:19]} {[%emt
00:02:56]} b5 {[%clk 01:18:59]} {[%emt 00:02:51]} 17. cxb5 {[%clk 00:43:32]}
{[%emt 00:05:18]} axb5 {[%clk 01:19:26]} {[%emt 00:00:01]} 18. Nf4 {[%clk
00:40:56]} {[%emt 00:03:07]} Bc6 {[%clk 01:14:49]} {[%emt 00:05:08]} 19. Qe2
{[%clk 00:30:55]} {[%emt 00:10:29]} b4 {[%clk 01:10:45]} {[%emt 00:04:35]} 20.
Nb5 {[%clk 00:29:45]} {[%emt 00:01:41]} Rd7 {[%clk 00:58:49]} {[%emt 00:12:26]}
21. Nd4 {[%clk 00:24:56]} {[%emt 00:05:17]} Rdc7 {[%clk 00:57:57]} {[%emt
00:01:23]} 22. Nxc6 {[%clk 00:24:20]} {[%emt 00:01:06]} Rxc6 {[%clk 00:57:41]}
{[%emt 00:00:45]} 23. Rxc6 {[%clk 00:23:51]} {[%emt 00:01:01]} Rxc6 {[%clk
00:57:48]} {[%emt 00:00:22]} 24. Qb5 {[%clk 00:23:32]} {[%emt 00:00:49]} Qxb5
{[%clk 00:54:36]} {[%emt 00:03:44]} 25. Bxb5 {[%clk 00:23:53]} {[%emt
00:00:09]} Rc2 {[%clk 00:53:54]} {[%emt 00:01:10]} 26. Rd2 {[%clk 00:23:54]}
{[%emt 00:00:28]} Rxd2 {[%clk 00:48:54]} {[%emt 00:05:31]} 27. Bxd2 {[%clk
00:24:20]} {[%emt 00:00:04]} d5 {[%clk 00:49:08]} {[%emt 00:00:17]} 28. exd5
{[%clk 00:23:44]} {[%emt 00:01:05]} Nxd5 {[%clk 00:46:29]} {[%emt 00:03:09]} 29.
Nxd5 {[%clk 00:23:00]} {[%emt 00:01:15]} exd5 {[%clk 00:46:57]} {[%emt
00:00:02]} 30. Kf2 {[%clk 00:21:38]} {[%emt 00:01:52]} g5 {[%clk 00:45:30]}
{[%emt 00:01:57]} 31. h3 {[%clk 00:21:37]} {[%emt 00:00:30]} Kg7 {[%clk
00:43:41]} {[%emt 00:02:19]} 32. Ke2 {[%clk 00:18:22]} {[%emt 00:03:45]} h5
{[%clk 00:38:07]} {[%emt 00:06:04]} 1/2-1/2

[Event "XLIV Memoriał Szachowy Ludwika Zamenhofa 2025, Grupa B"]
[Site "Bialystok, Poland"]
[Date "2025.12.31"]
[Round "9.31"]
[White "Berent, Mateusz"]
[Black "Zielinski, Krzysztof"]
[Result "1-0"]
[TimeControl "90'+30\""]
[WhiteElo "1809"]
[BlackElo "1739"]

1. e4 {[%clk 01:30:48]} {[%emt 00:00:01]} e5 {[%clk 01:30:57]} {[%emt
00:00:14]} 2. Nf3 {[%clk 01:31:05]} {[%emt 00:00:11]} Nc6 {[%clk 01:31:24]}
{[%emt 00:00:05]} 3. Bc4 {[%clk 01:31:28]} {[%emt 00:00:06]} Bc5 {[%clk
01:31:50]} {[%emt 00:00:04]} 4. O-O {[%clk 01:31:46]} {[%emt 00:00:12]} d6
{[%clk 01:32:11]} {[%emt 00:00:10]} 5. c3 {[%clk 01:31:21]} {[%emt 00:00:54]}
Nf6 {[%clk 01:32:01]} {[%emt 00:00:41]} 6. d3 {[%clk 01:31:43]} {[%emt
00:00:07]} h6 {[%clk 01:32:07]} {[%emt 00:00:24]} 7. Re1 {[%clk 01:32:02]}
{[%emt 00:00:10]} a6 {[%clk 01:32:19]} {[%emt 00:00:19]} 8. Bb3 {[%clk
01:31:56]} {[%emt 00:00:36]} O-O {[%clk 01:32:19]} {[%emt 00:00:31]} 9. Nbd2
{[%clk 01:31:19]} {[%emt 00:01:05]} Bg4 {[%clk 01:32:07]} {[%emt 00:00:43]} 10.
h3 {[%clk 01:31:12]} {[%emt 00:00:37]} Be6 {[%clk 01:31:42]} {[%emt 00:00:55]}
11. Bc2 {[%clk 01:30:21]} {[%emt 00:01:21]} Ba7 {[%clk 01:31:04]} {[%emt
00:01:08]} 12. Nf1 {[%clk 01:29:32]} {[%emt 00:01:17]} Ne7 {[%clk 01:29:21]}
{[%emt 00:02:15]} 13. Ng3 {[%clk 01:24:07]} {[%emt 00:05:51]} Ng6 {[%clk
01:26:21]} {[%emt 00:03:35]} 14. Nf5 {[%clk 01:19:08]} {[%emt 00:05:28]} Qd7
{[%clk 01:24:51]} {[%emt 00:02:01]} 15. g4 {[%clk 01:16:19]} {[%emt 00:03:17]}
Bxf5 {[%clk 01:18:51]} {[%emt 00:06:32]} 16. gxf5 {[%clk 01:15:31]} {[%emt
00:01:17]} Ne7 {[%clk 01:17:51]} {[%emt 00:01:31]} 17. Bb3 {[%clk 01:13:53]}
{[%emt 00:02:08]} Kh7 {[%clk 01:16:57]} {[%emt 00:01:22]} 18. Kh2 {[%clk
01:07:45]} {[%emt 00:06:38]} g6 {[%clk 01:14:45]} {[%emt 00:02:43]} 19. Qd2
{[%clk 01:06:21]} {[%emt 00:01:54]} Nfg8 {[%clk 01:14:42]} {[%emt 00:00:33]} 20.
Rg1 {[%clk 01:02:19]} {[%emt 00:04:32]} gxf5 {[%clk 01:13:21]} {[%emt
00:01:51]} 21. Ng5+ {[%clk 00:59:51]} {[%emt 00:02:57]} Kh8 {[%clk 01:08:17]}
{[%emt 00:05:36]} 22. Nxf7+ {[%clk 00:53:34]} {[%emt 00:06:45]} Rxf7 {[%clk
01:08:04]} {[%emt 00:00:44]} 23. Bxf7 {[%clk 00:53:37]} {[%emt 00:00:26]} f4
{[%clk 01:08:02]} {[%emt 00:00:33]} 24. Bh5 {[%clk 00:49:23]} {[%emt 00:04:43]}
Nf6 {[%clk 01:07:30]} {[%emt 00:01:03]} 25. Bf3 {[%clk 00:48:07]} {[%emt
00:01:45]} Nh7 {[%clk 01:04:53]} {[%emt 00:03:07]} 26. Qe2 {[%clk 00:44:09]}
{[%emt 00:04:27]} Ng5 {[%clk 01:03:40]} {[%emt 00:01:45]} 27. Bg4 {[%clk
00:44:18]} {[%emt 00:00:21]} Qe8 {[%clk 01:03:36]} {[%emt 00:00:34]} 28. h4
{[%clk 00:43:31]} {[%emt 00:01:16]} Nh7 {[%clk 01:03:37]} {[%emt 00:00:29]} 29.
Rg2 {[%clk 00:39:41]} {[%emt 00:04:20]} Qd8 {[%clk 01:02:46]} {[%emt 00:01:22]}
30. Bh5 {[%clk 00:36:46]} {[%emt 00:03:25]} Nf6 {[%clk 01:02:02]} {[%emt
00:01:14]} 31. Bd2 {[%clk 00:36:30]} {[%emt 00:00:46]} Qf8 {[%clk 01:00:32]}
{[%emt 00:02:00]} 32. Rag1 {[%clk 00:34:19]} {[%emt 00:02:37]} Kh7 {[%clk
01:00:20]} {[%emt 00:00:45]} 33. Qf3 {[%clk 00:32:51]} {[%emt 00:01:58]} Kh8
{[%clk 00:59:41]} {[%emt 00:01:09]} 34. Bg6 {[%clk 00:27:03]} {[%emt 00:06:18]}
c6 {[%clk 00:58:35]} {[%emt 00:01:36]} 35. Bf5 {[%clk 00:25:58]} {[%emt
00:01:35]} Bb6 {[%clk 00:58:12]} {[%emt 00:00:53]} 36. Qh3 {[%clk 00:25:09]}
{[%emt 00:01:19]} Rd8 {[%clk 00:58:05]} {[%emt 00:00:38]} 37. Qf3 {[%clk
00:25:05]} {[%emt 00:00:33]} Bc7 {[%clk 00:57:41]} {[%emt 00:00:54]} 38. c4
{[%clk 00:24:08]} {[%emt 00:01:28]} c5 {[%clk 00:57:34]} {[%emt 00:00:36]} 39.
Be6 {[%clk 00:23:53]} {[%emt 00:00:41]} b6 {[%clk 00:57:25]} {[%emt 00:00:44]}
40. Bd5 {[%clk 00:23:57]} {[%emt 00:00:26]} Re8 {[%clk 00:57:21]} {[%emt
00:00:34]} 41. Bxf4 {[%clk 00:21:40]} {[%emt 00:02:46]} exf4 {[%clk 00:56:46]}
{[%emt 00:01:05]} 42. Qxf4 {[%clk 00:20:50]} {[%emt 00:01:20]} Nfxd5 {[%clk
00:55:40]} {[%emt 00:01:37]} 43. Qxf8+ {[%clk 00:20:59]} {[%emt 00:00:20]} Rxf8
{[%clk 00:56:05]} {[%emt 00:00:05]} 44. cxd5 {[%clk 00:21:12]} {[%emt
00:00:17]} Rg8 {[%clk 00:55:10]} {[%emt 00:01:25]} 45. Rxg8+ {[%clk 00:21:01]}
{[%emt 00:00:41]} Nxg8 {[%clk 00:55:35]} {[%emt 00:00:06]} 46. Kg3 {[%clk
00:19:23]} {[%emt 00:02:09]} Kg7 {[%clk 00:55:29]} {[%emt 00:00:35]} 47. f4
{[%clk 00:17:47]} {[%emt 00:02:05]} Nf6 {[%clk 00:54:50]} {[%emt 00:01:09]} 48.
Kf3+ {[%clk 00:17:44]} {[%emt 00:00:33]} Kf7 {[%clk 00:55:06]} {[%emt
00:00:15]} 49. Ke3 {[%clk 00:16:36]} {[%emt 00:01:38]} b5 {[%clk 00:54:36]}
{[%emt 00:00:59]} 50. Rc1 {[%clk 00:15:29]} {[%emt 00:01:36]} Bb8 {[%clk
00:53:20]} {[%emt 00:01:47]} 51. b4 {[%clk 00:15:00]} {[%emt 00:00:59]} Ba7
{[%clk 00:52:53]} {[%emt 00:00:57]} 52. bxc5 {[%clk 00:15:21]} {[%emt
00:00:08]} dxc5 {[%clk 00:52:38]} {[%emt 00:00:47]} 53. d4 {[%clk 00:15:08]}
{[%emt 00:00:42]} c4 {[%clk 00:51:42]} {[%emt 00:01:27]} 54. a4 {[%clk
00:15:25]} {[%emt 00:00:13]} Nd7 {[%clk 00:48:29]} {[%emt 00:03:42]} 55. axb5
{[%clk 00:15:38]} {[%emt 00:00:17]} axb5 {[%clk 00:48:53]} {[%emt 00:00:07]} 56.
Rb1 {[%clk 00:15:51]} {[%emt 00:00:17]} Nb6 {[%clk 00:48:17]} {[%emt 00:01:05]}
57. Rxb5 {[%clk 00:16:08]} {[%emt 00:00:14]} Ke7 {[%clk 00:48:25]} {[%emt
00:00:22]} 58. e5 {[%clk 00:15:46]} {[%emt 00:00:51]} Ke8 {[%clk 00:47:41]}
{[%emt 00:01:14]} 59. Ke4 {[%clk 00:15:10]} {[%emt 00:01:07]} Ke7 {[%clk
00:47:24]} {[%emt 00:00:46]} 60. Ra5 {[%clk 00:15:10]} {[%emt 00:00:30]} Nc8
{[%clk 00:46:59]} {[%emt 00:00:55]} 61. Ra4 {[%clk 00:15:02]} {[%emt 00:00:38]}
c3 {[%clk 00:46:49]} {[%emt 00:00:41]} 62. Rc4 {[%clk 00:15:24]} {[%emt
00:00:07]} Kd7 {[%clk 00:46:45]} {[%emt 00:00:34]} 63. Rxc3 {[%clk 00:15:48]}
{[%emt 00:00:06]} Ne7 {[%clk 00:47:10]} {[%emt 00:00:05]} 64. f5 {[%clk
00:15:42]} {[%emt 00:00:36]} Nc8 {[%clk 00:47:06]} {[%emt 00:00:34]} 65. f6
{[%clk 00:16:02]} {[%emt 00:00:10]} Bb8 {[%clk 00:46:15]} {[%emt 00:01:22]} 66.
Rxc8 {[%clk 00:16:21]} {[%emt 00:00:11]} 1-0

[Event "XLIV Memoriał Szachowy Ludwika Zamenhofa 2025, Grupa B"]
[Site "Bialystok, Poland"]
[Date "2025.12.31"]
[Round "9.32"]
[White "Wons, Krystian"]
[Black "Piekutowska, Lena"]
[Result "1/2-1/2"]
[TimeControl "90'+30\""]
[WhiteElo "1807"]
[BlackElo "1727"]

1. d4 {[%clk 01:27:53]} {[%emt 00:03:06]} Nf6 {[%clk 01:30:54]} {[%emt
00:00:07]} 2. c4 {[%clk 01:28:21]} {[%emt 00:00:02]} e6 {[%clk 01:31:17]}
{[%emt 00:00:07]} 3. a3 {[%clk 01:28:48]} {[%emt 00:00:03]} d5 {[%clk
01:31:16]} {[%emt 00:00:31]} 4. cxd5 {[%clk 01:29:07]} {[%emt 00:00:11]} exd5
{[%clk 01:31:41]} {[%emt 00:00:05]} 5. Nc3 {[%clk 01:29:34]} {[%emt 00:00:03]}
c6 {[%clk 01:31:43]} {[%emt 00:00:28]} 6. Bg5 {[%clk 01:29:55]} {[%emt
00:00:09]} Be7 {[%clk 01:32:03]} {[%emt 00:00:10]} 7. e3 {[%clk 01:30:16]}
{[%emt 00:00:09]} Bf5 {[%clk 01:30:59]} {[%emt 00:01:33]} 8. Bd3 {[%clk
01:30:33]} {[%emt 00:00:13]} Bxd3 {[%clk 01:31:16]} {[%emt 00:00:13]} 9. Qxd3
{[%clk 01:31:02]} {[%emt 00:00:02]} O-O {[%clk 01:30:16]} {[%emt 00:01:29]} 10.
Nge2 {[%clk 01:31:05]} {[%emt 00:00:28]} Nbd7 {[%clk 01:28:18]} {[%emt
00:02:27]} 11. O-O {[%clk 01:31:14]} {[%emt 00:00:20]} Re8 {[%clk 01:27:04]}
{[%emt 00:01:45]} 12. b4 {[%clk 01:30:36]} {[%emt 00:01:08]} a6 {[%clk
01:20:56]} {[%emt 00:06:39]} 13. Na4 {[%clk 01:27:18]} {[%emt 00:03:48]} Ne4
{[%clk 01:16:59]} {[%emt 00:04:26]} 14. Bf4 {[%clk 01:26:37]} {[%emt 00:01:12]}
Bd6 {[%clk 01:08:28]} {[%emt 00:08:59]} 15. Nc5 {[%clk 01:24:49]} {[%emt
00:02:19]} Bxf4 {[%clk 01:07:09]} {[%emt 00:01:49]} 16. Nxf4 {[%clk 01:24:59]}
{[%emt 00:00:21]} Nd6 {[%clk 01:06:41]} {[%emt 00:00:57]} 17. Qc2 {[%clk
01:19:28]} {[%emt 00:06:01]} Nb6 {[%clk 00:52:42]} {[%emt 00:14:28]} 18. Nfd3
{[%clk 01:18:16]} {[%emt 00:01:43]} Nbc4 {[%clk 00:52:59]} {[%emt 00:00:14]} 19.
Nb2 {[%clk 01:16:43]} {[%emt 00:02:02]} Qe7 {[%clk 00:44:59]} {[%emt 00:08:28]}
20. Nxc4 {[%clk 01:15:34]} {[%emt 00:01:42]} Nxc4 {[%clk 00:43:52]} {[%emt
00:01:37]} 21. a4 {[%clk 01:09:34]} {[%emt 00:06:30]} b6 {[%clk 00:41:42]}
{[%emt 00:02:39]} 22. Nd3 {[%clk 01:09:29]} {[%emt 00:00:34]} Rec8 {[%clk
00:33:31]} {[%emt 00:08:42]} 23. Qc3 {[%clk 01:03:44]} {[%emt 00:06:15]} Rc7
{[%clk 00:25:24]} {[%emt 00:08:37]} 24. Rfb1 {[%clk 01:00:07]} {[%emt
00:04:06]} Re8 {[%clk 00:24:35]} {[%emt 00:01:19]} 25. Nb2 {[%clk 00:47:39]}
{[%emt 00:12:59]} Nd6 {[%clk 00:24:16]} {[%emt 00:00:48]} 26. Rc1 {[%clk
00:46:58]} {[%emt 00:01:12]} Ne4 {[%clk 00:22:51]} {[%emt 00:01:56]} 27. Qb3
{[%clk 00:46:33]} {[%emt 00:00:53]} h5 {[%clk 00:19:58]} {[%emt 00:03:24]} 28.
Rc2 {[%clk 00:38:14]} {[%emt 00:08:48]} Rec8 {[%clk 00:19:41]} {[%emt
00:00:48]} 29. Rac1 {[%clk 00:38:05]} {[%emt 00:00:39]} Qd6 {[%clk 00:19:11]}
{[%emt 00:01:00]} 30. f3 {[%clk 00:35:30]} {[%emt 00:03:05]} Nf6 {[%clk
00:18:52]} {[%emt 00:00:48]} 31. Nd3 {[%clk 00:35:34]} {[%emt 00:00:27]} Nd7
{[%clk 00:18:07]} {[%emt 00:01:14]} 32. Nf4 {[%clk 00:35:08]} {[%emt 00:00:57]}
g6 {[%clk 00:18:11]} {[%emt 00:00:27]} 33. b5 {[%clk 00:28:30]} {[%emt
00:07:07]} axb5 {[%clk 00:18:15]} {[%emt 00:00:27]} 34. axb5 {[%clk 00:28:50]}
{[%emt 00:00:10]} Nf6 {[%clk 00:17:57]} {[%emt 00:00:47]} 35. Nd3 {[%clk
00:26:07]} {[%emt 00:03:12]} cxb5 {[%clk 00:17:22]} {[%emt 00:01:06]} 36. Rxc7
{[%clk 00:26:15]} {[%emt 00:00:22]} Rxc7 {[%clk 00:17:49]} {[%emt 00:00:04]} 37.
Rxc7 {[%clk 00:26:25]} {[%emt 00:00:19]} Qxc7 {[%clk 00:18:12]} {[%emt
00:00:07]} 38. Qxb5 {[%clk 00:26:33]} {[%emt 00:00:22]} Qc3 {[%clk 00:16:58]}
{[%emt 00:01:41]} 1/2-1/2